Statistics for 20 Most Used Passwords

Click here to take the quiz!

General Stats

  • This quiz has been taken 60 times
  • The average score is 6 of 20

Answer Stats

#Password% Correct
512345
85%
2password
82%
1123456
65%
71234567
60%
412345678
58%
3123456789
56%
9qwerty
49%
6111111
38%
19654321
38%
20!@#$%^&*
18%
15abc123
18%
14666666
13%
10iloveyou
13%
17123123
11%
8sunshine
11%
12admin
9%
16football
9%
18monkey
7%
11princess
4%
13welcome
4%

Score Distribution

Percentile by Number Answered

Percent of People with Each Score

Your Score History

You have not taken this quiz